Clash Royale 2025 standings - Statistics

General Stats
  • This quiz has been taken 24 times
  • The average score is 4 of 30
Answer Stats
2025 % Correct
Mo
100%
Ryley
73%
Ian
32%
Pedro
27%
Lucas
23%
Sub
23%
Mugi
18%
Egor
14%
Sandbox
14%
Taa
14%
Adriel
9%
Ardentoas
9%
Asaf
9%
Samuel
9%
Vitor
9%
Wallace
9%
Xopxsam
9%
Alee
5%
Coco
5%
Gencaslan
5%
Hugo
5%
Kita
5%
Pompeyo
5%
Rin
5%
Viiper
5%
Batan
0%
Clown
0%
Issei
0%
Ruben
0%
Sweep
0%
No matching quizzes found
Score Distribution
Percent of People with Each Score
Percentile by Number Answered
Your Score History
You have not taken this quiz